[Event "Turnier 40 / 120"]
[Site "Wien"]
[Date "2021.09.22"]
[Round "1"]
[White "MCGE 300 MHZ"]
[Black "MCGP 120 MHZ"]
[Result "1-0"]
[BlackElo "2301"]
[WhiteElo "2412"]

1. d4 d5 2. Nf3 Nf6 3. e3 Bf5 4. c4 c6 5. Qb3 Qc7 6. Nc3 e6 {Buchende} 7.
Nh4 Bg4 {Buchbewertung MCGP +0,18} 8. h3 Bh5 9. Bd2 {Buchende} Be7 10. Nf3
{Buchbewertung MCGE -0,18, besser war g4 mit Vorteil für Weiss, Stockfish
0,00} Bxf3 11. gxf3 Nbd7 12. cxd5 exd5 13. Rc1 Qb6 14. Qc2 O-O 15. Rg1 g6
16. Be2 Rfe8 17. f4 Bd6 18. f5 Kg7 19. Kf1 Rac8 20. Bf3 Kh8 21. Na4 Qc7 22.
fxg6 fxg6 {Schwarz steht etwas besser lt. Stockfish mit +0,70} 23. Qb3
{deutlich besser ist Sc3, Stockfish +1,30 für Schwarz mit der Fortsetzung
b5} Rf8 {etwa gleichwertig mit b5} 24. Bb4 Bxb4 25. Qxb4 Ne4 {deutlich
besser ist b5 mit ca. +1,80 für Schwarz, den Textzug sieht Stockfish nur
noch mit knappem Vorteil für Schwarz mit etwa +0,30} 26. Bxe4 dxe4 27. Rg2
Rf3 28. Qe7 {die Stellung ist im Lot, Stockfish 0,00} Rxh3 29. Kg1 Qd8 30.
Qxe4 Qh4 31. Qxh4 Rxh4 32. b4 Rh5 33. Nc5 Nxc5 34. bxc5 Rc7 35. Rb1 Re7 36.
Rg3 Kg7 37. Kg2 Kf6 38. Rg4 Rd5 39. Rh4 h5 40. a4 Rh7 41. Rbh1 Rg5+ 42. Kf3
Rd5 43. Ke2 Re7 44. a5 Rh7 45. f4 Re7 46. Kd3 Rd8 47. Rg1 {Weiss steht
etwas besser mit +0,80 lt. Stockfish} Rde8? {ein schwacher Zug, deutlich
besser ist b6, Stockfish +2,00 für Weiss mit der Fortsetzung Th3} 48. Rg3?
{damit ist kein Blumentopf zu gewinnen, 2 Bauerneinheiten schlechter als
Th3, die Stellung ist wieder im Lot.} Kf5? {ein schwacher Zug, der nun
wieder Weiss klaren Vorteil bringt, Stockfish +2,60 mit der Fortsetzung
Tg5+, wieder war b6 die beste Wahl mit Ausgleich} 49. Rh1 {nicht der beste
Zug aber spielbar, Stockfish +2,20 für Weiss.} Rh7 {deutlich besser ist
Kf6, nun kommt Schwarz schon ganz klar auf die Verliererstrasse, Stofish
+5,40 für Weiss mit der Fortsetzung Thg1.} 50. Rhg1 {MCGE +0,34, die
richtige Fortsetzung sieht aber noch nicht den grossen Vorteil.} Rh6 {MCGP
-0,46, sieht auch nur geringen Nachteil.} 51. Rf3? {um 4 Bauerneinheiten !!
schwächer als Tg5+, aber immer noch +2,20 für Weiss lt. Stockfish} h4 52.
e4+ Ke6 53. Rh3 Kf6 54. Rg5 Kf7 55. e5 Rd8 {Weiss steht klar auf Gewinn mit
+3,30 lt. Stockfish mit der Fortsetzung Ke4} 56. Ke4 Ke7 57. Rg1 Kd7
{Stockfish +5,50 für Weiss.} 58. Rb1 Kc8 59. Rbh1 Rdh8 60. Kf3 Kd7 61. Kg4
Ke6 62. Rxh4 Rxh4+ 63. Rxh4 Rxh4+ 64. Kxh4 Kf5 65. Kg3 g5 66. fxg5 Kxg5 67.
d5 Kf5 68. d6 Ke6 69. Kf4 Kd7 70. Kf5 {MCGE 300 MHZ: Matt in 9, Rest
geschenkt.} 1-0
[/pgn]
[pgn]

[Event "Turnier 40 / 120"]
[Site "Wien"]
[Date "2021.09.22"]
[Round "2"]
[White "MCGP 120 MHZ"]
[Black "MCGE 300 MHZ"]
[Result "0-1"]
[BlackElo "2412"]
[WhiteElo "2301"]

1. d4 Nf6 2. Bg5 Ne4 3. Bf4 c5 4. f3 Qa5+ 5. c3 Nf6 6. d5 d6 7. e4 g6 8.
Na3 {Buchende} Bg7 {Buchende} 9. Bd3 {Buchbewertung MCGP +0,26} O-O
{Buchbewertung MCGE -0,21 / lt. Stockfish steht Weiss etwas besser um ca.
+0,40} 10. Ne2 Qc7 11. O-O a6 12. Qb3 {besser ist Dd2} Nbd7 13. c4 Ne5 14.
Bxe5 dxe5 15. Rad1 Bh6 16. Bc2 Qa5 17. Ng3 Rb8 18. Qd3 Rd8 19. Bb3 b5 20.
Qe2 Qb6 21. Qf2 e6 22. Rfe1 Re8 23. Rd3 Kg7 {weit besser ist exd5} 24. dxe6
Bxe6 25. cxb5 {ein schlechter Zug, der Schwarz klar in Vorteil bringt,
Stockfish +2,00 mit der Fortsetzung axb5, weit besser ist Ted1 mit nur
knappen Vorteil für Schwarz.} axb5 26. Bxe6 Rxe6 {besser ist Dxe6,
Stockfish +1,00 für Schwarz.} 27. Nb1? {ein schwacher Zug, viel besser ist
Sc2, Stockfish +2,50 für Schwarz mit der Fortsetzung b4.} c4 {deutlich
schwächer als b4, Stockfish +1,40 für Schwarz mit der Fortsetzung Dxb6} 28.
Qxb6 Rexb6 29. Ra3? {ein ganz schwacher Zug, der die Partie bereits klar
verliert, Stockfish +5,30 für Schwarz mit der Fortsetzung b4, nötig war
T3d1} b4 {MCGE +0,53, sieht noch keinen klaren Gewinn.} 30. Ra7 {MCGP
-1,12} c3 {MCGE +1,28} 31. bxc3 bxc3 32. Nxc3 Bd2 33. Rd1 Bxc3 {hier könnte
man sich sehr wahrscheinlich den Rest schon schenken angesichts einer Figur
für einen Bauern.} 34. Ne2 Bb4 35. Ra4 Rd6 36. Rxd6 Bxd6 37. g3 Bc5+ 38.
Kg2 Rb2 39. Kf1 Rb1+ 40. Kg2 Re1 41. Nc3 Rg1+ 42. Kh3 Rc1 43. Nd5 Nxd5 44.
exd5 Rc2 45. f4 h5 46. g4 exf4 {Stockfish MATT in 25 !!!!!} 47. gxh5 gxh5
48. d6 Rc3+ 49. Kh4 {Ist zwar schon egal, aber der MCGP übersieht ein Matt
in 5, nach Kg2 wäre es ein Matt in 22.} Kg6 {MCGE Matt in 5} 50. Rxf4 f5
51. h3 Bxd6 52. Rg4+ hxg4 53. hxg4 Be7+ 54. g5 Bxg5# 0-1
[/pgn]
[pgn]

[Event "Turnier 40 / 120"]
[Site "Wien"]
[Date "2021.09.23"]
[Round "3"]
[White "MCGE 300 MHZ"]
[Black "MCGP 120 MHZ"]
[Result "1-0"]
[BlackElo "2301"]
[WhiteElo "2412"]

1. d4 Nf6 2. g3 c5 3. d5 b5 4. Bg2 d6 {Buchende} 5. a4 {Buchende} b4
{Buchbewertung MCGP +0,03} 6. Bg5 {Buchbewertung MCGE +0,04 / lt. Stockfish
steht Schwarz etwas besser mit +0,50.} Bb7 7. Bxf6 exf6 8. Nf3 Nd7 9. O-O
a6 {deutlich besser ist g6} 10. c4 {deutlich besser ist a5} g6 11. Nbd2 Bg7
12. e4 O-O 13. Bh3 Re8 14. Re1 a5 15. Nf1? {ein ganz schlechter Zug, der
eigentlich die Partie schon verliert, Stockfish +2,70 für Schwarz mit der
Fortsetzung f5, nach Dc2 wäre die Stellung im Lot.} Nb6? {MCGP +0,65,
verpasst leider die Gewinnchance die Stellung ist wieder im Lot mit der
Fortsetzung Dc2.} 16. Qc2 {MCGE -0,67} Ba6 17. N1d2 Bc8 18. Bxc8 Qxc8 19.
Kg2 Qd7 20. h3 Re7 21. Kh2 {deutlich besser ist b3} Ra7 {den Vorzug
verdiente f5} 22. Kg2 Ra6 23. Nf1 Ra8 24. g4 Rc8 25. Ng3 Rce8 26. Re2 Rb8
27. Ree1 Ree8 28. Re3 Rbd8 29. Re2 Ra8 30. Ra2 Bh6 31. b3 Bf4 32. Qb2 Kg7
33. Ne1 {besser ist g5 mit leichtem Vorteil für Weiss, Stockfish 0,00 mit
der Fortsetzung h5.} Be5 34. Qc1 Bxg3 35. Kxg3 h5 36. Nd3 hxg4 37. hxg4 Rh8
38. f3 {die Stellung ist immer noch im Lot, Stockfish 0,00} Qe7 39. Rh2 Nd7
40. Qf4 Ne5 41. Ne1 {diese geschlossene Stellung ist sehr Remisverdächtig,
Stockfish bleibt konstant auf 0,00} Qb7 42. Rag2 Qd7 43. Kf2 Qe7 44. Rxh8
Rxh8 45. Rh2 Qe8 46. Ke2 Rxh2+ 47. Qxh2 Qh8 48. Qxh8+ Kxh8 49. Nc2 Kg7 50.
Ne3 Nd7 51. f4 Kf8 52. Nd1 Ke7 53. Kf3 Kd8 54. Nf2 g5 55. Nd3 Ke7 56. Kg3
gxf4+ 57. Kxf4 Kd8? {ein grober Fehler, der das Remis verspielt hier
gewinnt die Fortsetzung g5, nötig war Sf8 und es ist Remis.} 58. g5 {MCGE
+0,46 sieht nicht den grossen Vorteil, spielt aber den richtigen Zug.}
fxg5+ 59. Kxg5 Ke8? {mehr Widerstand bot noch Ke7, Stockfish +5,70 für
Weiss mit der Fortsetzung Kf5.} 60. Kf5 Kd8 {MCGP -0,25 sieht noch keine
Gefahr.} 61. e5 {MCGE +0,25 sieht auch noch keinen Gewinn.} Nxe5 62. Nxe5
dxe5 {MCGP -1,35} 63. Kxe5 {MCGE erkennt den Gewinn, +4,28} Ke7 64. Kf5 Ke8
65. Kf6 Kf8 66. d6 Ke8 67. d7+ Kd8 {Stockfish Matt in 24} 68. Kxf7 Kxd7 69.
Kf6 Kd6 70. Kf5 Kd7 71. Ke5 Kc6 72. Ke6 Kc7 73. Kd5 Kb6 74. Kd6 Kb7 ... 75.
Kxc5 1-0
[/pgn]
[pgn]

[Event "Turnier 40 / 120 "]
[Site "Wien"]
[Date "2021.09.24"]
[Round "4"]
[White "MCGP 120 MHZ"]
[Black "MCGE 300 MHZ"]
[Result "1-0"]
[BlackElo "2412"]
[WhiteElo "2301"]

1. e4 c5 2. Ne2 Nc6 3. Nbc3 Nf6 4. g3 d5 5. exd5 {Buchende} Nxd5 6. Bg2
{Buchbewertung MCGP +0,21} Nc7 {Buchende} 7. Nf4 Bf5 {Buchbewertung MCGE
-0,23, lt. Stockfish ist die Stellung etwa gleich} 8. d3 e5 9. Nfd5 Nxd5
10. Bxd5 Qd7 11. O-O Nd4 12. Re1 f6 13. Be3 Bg4 14. f3 Bh5 15. Kg2
{deutlich besser ist a4, Stockfish +1,30 für Schwarz mit der Fortsetzung
0-0-0} O-O-O 16. Qd2 Bf7 {deutlich besser ist g5, Stockfish nur noch +0,20
für Schwarz.} 17. Bxf7 Qxf7 18. Ne4 h5 19. c3 Nc6 {besser ist Se6} 20. Nxc5
h4 21. Ne4 Qd7 22. Nf2 g5 {deutlich besser ist Ld6, Stockfish +1,20 für
Weiss mit der Fortsetzung g4.} 23. a4 {gibt den Vorteil aus der Hand,
Stockfish 0,00 mit der Fortsetzung Dd5} Qf5 {ein ganz schlechter Zug, der
Weiss klaren Vorteil bringt, Stockfish +2,00 mit der Fortsetzung De2} 24.
Qd1 {schwächer als De2 (warum nicht aus dem Schussfeld des Turmes gehen?),
aber trotzdem noch +1,50 für Weiss.} hxg3 25. hxg3 Rd7 26. Qc2 Be7
{deutlich besser ist Tdh7, Stockfish +2,70 für Weiss mit der Fortsetzung
Th1} 27. Rh1 Rdd8 28. Qb3 Kb8 29. Rae1 Ka8 30. Qf7 Rhf8 31. Qc4 Rc8 32. Qb5
Rh8 33. Qd5 Rhd8 34. Qf7 Rf8 35. Qb3 Rh8 {deutlich besser ist Dg6,
Stockfish +3,00 für Weiss mit der Fortsetzung Txh8} 36. Rxh8 Rxh8 37. Qd5
Rd8 38. Qf7 Rh8 39. b4 {Die Stellung ist schon hoffnungslos für Schwarz,
Stockfish +4,00 für Weiss.} Rf8 40. Qd5 {MCGP +0,96 , Stockfish +4,00} Rd8
{MCGE -1,03} 41. Qc4 Rc8 42. Qg4 Qxg4 43. Nxg4 b6 44. Rh1 f5 45. Nf2 Kb8
46. Rh7 f4 47. Bd2 Bd8 48. Rh5 Bc7 49. Rxg5 {ein zweiter Mehrbauer für
Weiss sollte die Partie schon entscheiden.} fxg3 50. Rxg3 e4 51. f4 exd3
52. Rxd3 Rf8 53. Kg3 Kc8 54. Be3 Ne7 55. Bc1 Ng6 56. Rd4 Rg8 57. Ng4 Rg7
58. b5 Ne7 59. Kf3 Nf5 60. Rd5 Nh4+ 61. Kg3 Ng6 62. c4 Rf7 63. Rd4 Re7 64.
Bd2 Rf7 65. Re4 Rf5 66. Be3 Kd7 67. Nf2 Rf7 68. c5 bxc5 69. Nd3 Bb6 70.
Nxc5+ Kc7 71. Kg4 Ne7 72. Ne6+ Kd7 73. Ng5 Rf6 74. Bxb6 axb6 75. Re2 Kd8
76. Rd2+ Kc7 77. Rd4 Kc8 {natürlich könnte man sich hier den Rest schon
schenken, Stockfish +6,00 für Weiss, aber der Sack muss noch zu gemacht
werden.} 78. Rd3 Kc7 79. Rf3 Ng8 80. Ne4 Re6 81. Re3 Rg6+ 82. Kf5 Rg7 83.
Rc3+ Kd7 84. Rd3+ Kc7 85. Rd6 Rf7+ 86. Ke6 Rxf4 87. Rc6+ Kb8 88. Ke5 Rh4
89. Rxb6+ {Rest geschenkt.} 1-0
[/pgn]
[PGN]

[Event "Turnier 40 / 120"]
[Site "Wien"]
[Date "2021.09.25"]
[Round "5"]
[White "MCGE 300 MHZ"]
[Black "MCGP 120 MHZ"]
[Result "1-0"]
[BlackElo "2301"]
[WhiteElo "2412"]

1. d4 e6 2. c4 Bb4+ 3. Bd2 Qe7 {Buchende} 4. a3 {Buchende} Bxd2+
{Buchbewertung MCGP -0,06} 5. Nxd2 {Buchbewertung MCGE 0,00 lt., Stockfish
ist die Stellung etwa gleich} e5 6. dxe5 Nc6 7. Ngf3 Nxe5 8. e3 d6 9. Nxe5
Qxe5 10. Qb3 Nf6 11. Be2 O-O 12. O-O b6 13. Nf3 Qe8 14. Qc2 Bb7 15. Rad1
Be4 16. Qc3 Qc6 17. Rd2 Rae8 18. Rfd1 Re7 19. b3 Qc5 20. b4 Qc6 21. Nd4 Qb7
22. c5 dxc5 23. bxc5 Re5 24. cxb6 cxb6 25. f3 Rc5 26. Qb4 {Die Stellung ist
im Lot, Stockfish 0,00} Bc6 27. e4 Qc7 28. Nf5 Bd7 29. Nd6 Rh5 {ein
schlechter Zug, der Weiss klaren Vorteil bringt, Stockfish +1,50 mit der
Fortsetzung f4, nach Le6 ist die Stellung im Lot.} 30. Bc4 {deutlich
schwächer als f4, Stockfish +0,70 für Weiss.} Be6 31. Bxe6 fxe6 32. Rd4 Qc2
33. Qc4 Qxc4 34. Rxc4 Ra5 35. Ra1 Rc5 {deutlich besser ist Sh5, Stockfish
+1,30 mit der Fortsetzung Txc5.} 36. Rxc5 bxc5 37. Rb1 Rd8 38. Nc4 Kf8 39.
Rb5 Rd1+ 40. Kf2 Nd7 41. Ra5 Rd4 42. Rxa7 Ke8 {deutlich schwächer als Txc4,
Stockfish +2,00 für Weiss mit der Fortsetzung Ta4} 43. Ra4 Ke7 44. Ke3 g5
45. Nb2 Rxa4 46. Nxa4 Kd6 47. Nb2 Kc6 48. a4 Ne5 49. Kd2 Ng6 50. Nc4 Kc7
51. g3 {MCGE +1,29; diese Stellung sieht Stockfish bereits als hoffnungslos
für Schwarz, +5,00 für Weiss.} h5 {MCGP -1,32} 52. Kc3 h4 53. Kb3 Kc6 54.
Kc2 Kc7 55. Kc3 Kc6 56. Kd3 hxg3 57. hxg3 Kc7 58. Kc3 Kc6 59. Kb3 Kc7 60.
a5 Kb7 61. Ka4 Ka6 62. e5 Ne7 63. Nd6 c4 64. Ne4 g4 65. Nc5+ Ka7 66. fxg4
Nc6 67. Nd7 c3 68. Kb3 Ka6 69. Kxc3 Kxa5 70. Kc4 Ka6 71. g5 Ne7 72. Kc5 Ng6
73. Kd6 Kb5 74. Kxe6 {Rest geschenkt.} 1-0
[/PGN]
[pgn]

[Event "Turnier 40 / 120"]
[Site "Wien"]
[Date "2021.09.26"]
[Round "6"]
[White "MCGP 120 MHZ"]
[Black "MGCE 300 MHZ"]
[Result "0-1"]
[BlackElo "2412"]
[WhiteElo "2301"]

1. Nf3 g6 2. c4 Nf6 3. d4 Bg7 4. g3 O-O 5. Bg2 d5 6. cxd5 Nxd5 7. O-O Nb6
8. Nc3 Nc6 9. e3 e5 10. d5 e4 11. dxc6 {Buchende} Qxd1 12. Rxd1
{Buchbewertung MCGP +0,90} exf3 13. Bxf3 bxc6 14. Bxc6 Rb8 {Buchende} 15.
Bd5 Nxd5 {Buchbewertung MCGE -0,29 / lt. Stockfish ist die Stellung
ausgeglichen trotz Mehrbauern für Weiss.} 16. Rxd5 Bb7 17. Rc5 Bf3 18. h3
Rb7 19. Kh2 {deutlich besser ist b3, Stockfish +1,00 für Schwarz mit der
Fortsetzung Td8} Rd8 20. g4 Bf8 21. Rc4 Bd6+ 22. Kg1 Be5 23. Rc5 f6
{Schwarz steht klar besser trotz des Minusbauern mit ca. +1,20 lt.
Stockfish} 24. Rc4? {dieser Zug verliert bereits die Partie Stockfish sieht
die Fortsetzung h5 mit +5,50 für Schwarz, nötig war e4.} Rd3 {auch diese
Fortsetzung gewinnt klar, Stockfish +4,00 für Schwarz.} 25. e4 a5 {auch
hier verdiente h5 den Vorzug.} 26. Rc5 a4 27. Rxe5 {deutlich besser ist a3,
Stockfish +4,50 für Schwarz.} fxe5 28. Nxa4 Rd1+ 29. Kh2 Bxe4 30. b3 Bc6
31. Nc5 Rb5 32. Na6 Rh1+ 33. Kg3 Rg1+ 34. Kh4 h6 35. Nxc7 g5+ 36. Kh5 Kh7
37. Bxg5 Rxa1 38. Nxb5 Be8+ 39. Kh4 hxg5+ 40. Kxg5 Bxb5 {Rest geschenkt.}
0-1
[/pgn]
[pgn]

[Event "Turnier 40 / 120"]
[Site "Wien"]
[Date "2021.09.27"]
[Round "7"]
[White "MCGE 300 MHZ"]
[Black "MCGP 120 MHZ"]
[Result "1/2-1/2"]
[BlackElo "2301"]
[WhiteElo "2412"]

1. d4 c6 2. Nf3 d5 3. c4 e6 4. Nc3 Nf6 5. Qd3 b6 {Buchende} 6. cxd5
{Buchende} cxd5 {Buchbewertung MCGP +0,01} 7. Bf4 {Buchbewertung MCGE +0,20
/ lt. Stockfish ist die Stellung ausgeglichen.} Bd6 8. Bxd6 Qxd6 9. Nb5
Qb4+ 10. Qc3 Qxc3+ 11. bxc3 Kd8! {die beste Fortsetzung lt. Stockfish etwas
besser als Sa6, die Stellung ist im Lot.} 12. Ne5 Rf8 13. Rb1 Ba6 14. e3
Bxb5 15. Bxb5 Ne4 16. c4 Nc3 17. Rb3 Nxb5 18. cxb5 f6 19. Nd3 Rf7 20. Kd2
Rc7 21. Rc1 {Weiss steht knapp besser mit ca. +0,50 lt. Stockfish} Rxc1 22.
Kxc1 g5 23. Kb1 {deutlich besser ist Kd2, die Stellung ist im Lot mit der
Fortsetzung a6} a5 {gleichwertig mit a6, Stockfish +0,25 für Weiss mit der
Fortsetzung Tc3} 24. bxa6 Kc7 {ein unnötige Komplikation, besser ist
einfach Txa6 und die Stellung ist exakt ausgeglichen mit 0,00, der Textzug
ist keine Katastrophe wird von Stockfish mit +0,30 für Weiss bewertet mit
der Fortsetzung Tc3+} 25. Rc3+ Kd7 26. f4 gxf4 27. Nxf4 Nxa6 {die Stellung
ist Remisverdächtig, Stockfish +0,13 für Weiss.} 28. Rb3 Rb8 29. Nh5 f5 30.
Nf6+ Kc6 31. Nxh7 Rh8 32. Ng5 Rxh2 33. Nxe6 Rxg2 34. Nf4 Rg1+ 35. Kc2 {MCGE
+0,40} Nc7 {MCGP -0,40 / Stockfish 0,00} 36. Kd2 b5 37. Ne2 Rg2 38. Kd3 Rg8
39. Rc3+ Kd7 40. Nf4 Ra8 41. a3 Kd6 42. Rb3 Ne6 43. Nxe6 Kxe6 44. Ke2 Ra5
45. Kf3 Ke7 46. Kf4 Kf6 47. Rc3 Ke6 48. Rc5 Kd6 49. Kf3 Ke6 50. a4 Rxa4 51.
Rxb5 Ra8 {die Stellung gibt nichts mehr her, Userentscheid, Remis.} 1/2-1/2
[/pgn]
[pgn]

[Event "Turnier 40 / 120"]
[Site "Wien"]
[Date "2021.09.27"]
[Round "8"]
[White "MCGP 120 MHZ"]
[Black "MCGE 300 MHZ"]
[Result "1/2-1/2"]
[BlackElo "2412"]
[WhiteElo "2301"]

1. Nf3 Nf6 2. c4 e6 3. Nc3 d5 4. d4 Bb4 5. a3 Bxc3+ 6. bxc3 O-O 7. e3 b6 8.
cxd5 {Buchende} exd5 {Buchende} 9. Bd3 {Buchbewertung MCGP +0,57} Bg4
{Buchbewertung MCGE -0,45 / lt. Stockfish steht Weiss knapp besser mit ca.
+0,40} 10. h3 Bh5 11. O-O Nc6 12. c4 dxc4 13. Bxc4 Na5 14. Ba2 Ne4 15. Qc2
{Weiss steht nach mehreren kleineren Ungenauigkeiten des Nachziehenden nun
schon klar auf Gewinn mit +1,80 lt. Stockfish} Bxf3 16. gxf3 Ng5 {besser
ist Sd6, Stockfish +2,50 für Weiss mit der Fortsetzung Kg2} 17. Qf5 c5 18.
Bb2 {deutlich besser ist h4} cxd4 19. Rfd1 {besser ist Lxd4, Stockfish
+1,50 für Weiss mit der Fortsetzung Tc8} Rc8 20. Bxd4 Qe7 21. Kg2 {besser
ist Kh1, Stockfish +0,80 für Weiss mit der Fortsetzung Se6.} Ne6 22. Be5
Rfe8 {deutlich besser ist Tc5, Stockfish +1,70 für Weiss mit der
Fortsetzung Ld6} 23. Bd6! Qg5+ {besser ist Df6, Stockfish +2,50 für Weiss.}
24. Qxg5 Nxg5 25. Rac1 {deutlich besser ist Lg3, Stockfish +1,00 für Weiss
mit der Fortsetzung Se6} Ne6 26. Bd5 Nc5 27. Kg1? {ein sinnloser Zug} Nab7
28. Bh2 Nd8 29. Bc4 Nde6 30. Kg2 {die Stellung nähert sich dem Ausgleich,
Stockfish +0,30 für Weiss.} Red8 31. Be5 g6 32. Bf6 Rxd1 33. Rxd1 Rc7 34.
Be5 Rd7 35. Rxd7 Nxd7 36. Bc3 Kf8 37. f4 Ndc5 38. Kf3 Ke7 39. h4 Nb7 40. f5
gxf5 41. Bd3 Nd6 42. Be5 h6 {die Stellung ist klares Remis, Stockfish 0,00}
43. Bxd6+ Kxd6 44. Bxf5 b5 45. Bd3 a6 46. Kg4 Ng7 47. Kf4 Ke6 48. Bc2 Kf6
49. Bb3 Ne6+ 50. Kf3 a5 51. Bd5 Ke5 52. Ba2 b4 53. axb4 axb4 54. Bc4 {die
Stellung ist klares Remis, Stockfish 0,00} f6 55. Ke2 Nc5 56. f3 Kf5 57.
Bb5 Ke6 58. Bc4+ Kd6 {Stockfish 0,00, die Stellung gibt nichts mehr her,
Userentscheid, Remis.} 1/2-1/2
[/pgn]
[pgn]

[Event "Turnier 40 / 120"]
[Site "Wien"]
[Date "2021.09.28"]
[Round "9"]
[White "MCGE 300 MHZ"]
[Black "MCGP 120 MHZ"]
[Result "1/2-1/2"]
[BlackElo "2301"]
[WhiteElo "2412"]

1. d4 Nf6 2. g3 d5 3. Bg2 c6 4. Nf3 Bf5 5. Nbd2 {Buchende} h6 {Buchende} 6.
Ne5 e6 7. O-O Nbd7 8. Nxd7 Qxd7 9. c4 Bd6 10. Qb3 b6 11. Rd1 O-O 12. Nf3
Be4 13. Be3 c5 14. cxd5 {ein schwacher Zug, der Schwarz klaren Vorteil
bringt, Stockfish +2,00, weit besser war Lf4 mit geringem Vorteil für
Schwarz.} exd5 15. Rac1 c4 16. Qc3 Qa4 {deutlich besser ist a5} 17. Bd2 b5
18. Qa5 Qxa5 19. Bxa5 Rfe8 20. e3 {deutlich besser war a3, um den Vorstoff
b4 zu verhindern, Stockfish +2,00 mit der Fortsetzung b4.} Rac8 21. Nh4
{wieder war a3 nötig, Stockfish +2,30 mit der Fortsetzung b4} Rc6 22. Be1
Ra6 23. a3 Bxg2 24. Kxg2 Ne4 25. Rc2 Be7 26. Nf3 Bf8 27. Rdc1 Nf6 28. Ng1
Bd6 29. Ne2 Ne4 30. Bb4 Bxb4 31. axb4 Kf8 32. Nc3 Nxc3 33. bxc3 Ra3 34. Rb1
Re6 35. Rbb2 Ke7 36. Ra2 Rea6 37. Rxa3 Rxa3 38. g4 f5 39. Kg3 {Stockfish
0,00} Kf6 40. f3 g5 41. h4 Kg6 42. hxg5 hxg5 43. Rc1 Kf6 44. Rc2 a6 45.
gxf5 Kxf5 46. Rc1 Rb3 47. Rc2 Ra3 48. Rc1 Rb3 49. Rc2 Ra3
{Stellungswiederholung} 1/2-1/2
[/pgn]
[pgn]

[Event "Turnier 40 / 120"]
[Site "Wien"]
[Date "2021.09.28"]
[Round "10"]
[White "MCGP 120 MHZ"]
[Black "MCGE 300 MHZ"]
[Result "0-1"]
[BlackElo "2412"]
[WhiteElo "2301"]

1. e4 c5 2. Nf3 g6 3. d4 Bg7 4. dxc5 {Buchende} Na6? {Buchende, dieser mehr
als merkwürdige Zug kommt aus dem Buch und bringt Schwarz bereits hier ganz
klar auf die Verliererstrasse, Stockfish +3,00 für Weiss mit der
Fortsetzung Lxa6.} 5. Bxa6 {Buchbewertung MCGP +0,93} Qa5+ {Buchbewertung
MCGE -0,85} 6. c3? {deutlich besser ist Sc3, Stockfish nur noch +1,00 für
Weiss} Qxa6 7. Be3 Nf6 8. Nbd2 Ng4 9. Bg5 h6 10. Bh4 b6 11. h3 {Weiss hat
den gesamten Vorteil verspielt, die Stellung ist im Lot, Stockfish 0,00}
Nf6 12. cxb6 axb6 13. Nd4 Bb7? {dieser logisch aussehende Zug ist eine ganz
Bauerneinheit schlechter als Sh5, Stockfish +1,00 für Weiss mit der
Fortsetzung Lxf6} 14. f3 {deutlich schwächer als Lxf6, Stockfish +0,30 für
Weiss mit der Fortsetzung d5} d5 15. Qe2 {besser ist a4, die Stellung ist
wieder im Lot} Qxe2+ 16. Nxe2 dxe4 17. Bxf6 Bxf6 18. Nxe4 Bxe4 19. fxe4 Ra4
20. O-O Rxe4 21. Nf4 Bg5 22. Nd5 Re5 23. Rad1 e6 24. Nf6+ Bxf6 25. Rxf6 Ke7
26. Rf2 Ra8 27. a3 Ra7 28. Kf1 h5 29. Rd3 Rc5 30. Rfd2 Rc6 31. Rd8 e5 32.
Ke2 f5 {die Stellung ist im Lot, Stockfish 0,00} 33. R8d5 Re6 34. Ke3 Kf6
35. Rd6 Ra5 36. Kf3 {besser ist Txe6+ und die Stellung ist exakt im Lot,
hier sieht Stockfish etwas Vorteil für Schwarz mit +0,70 mit der
Fortsetzung e4+} g5 37. Ke2 g4 38. hxg4 hxg4 39. Rd8 Ra7 40. R2d6 {ein
schlechter Zug, der Schwarz zum Sieg reichen sollte, Stockfish +3,50 mit
der Fortsetzung Txd6, nötig war Tg8 und die Stellung ist im Lot, allerdings
Txd6 für einen Brettcomputer kaum zu sehen, da nach Txd6 in der Folge der
Bauer b6 verloren geht.} Re7 {erwartungsgemäss wird der Gewinnzug nicht
gespielt, Stockfish +0,40 für Schwarz mit der Fortsetzung Ke3, aber kein
Vorwurf an dieser Stelle das war nicht zu sehen.} 41. Ke3 Kf7 {besser ist
Kg5} 42. Rd2 Kg6 43. Rb8 Kf6 44. Rf8+ Kg6 45. Rb8 {die Stellung ist im Lot,
Stockfish 0,00} Ra7 46. Rf2 {ein schlechter Zug, der Schwarz wieder klaren
Vorteil bringt, Stockfish +1,00 mit der Fortsetzung Ta4, nötig war Tg8+}
Ra4 47. Rg8+ Kh7 48. Rg5 f4+ 49. Ke2 {deutlich besser ist Kd2, Stockfish
+3,00 für Schwarz mit der Fortsetzung Te4+} g3 {MCGE 0,00 sieht hier keinen
Vorteil, aber auch diese Fortsetzung ist stark und wird von Stockfish
ebenfalls mit +3,00 gesehen.} 50. Rf1 Re4+? {verspielt den gesamten
Vorteil, gewonnen hätte Kh6, die Stellung ist wieder im Lot, Stockfish
0,00} 51. Kf3 Re3+ 52. Kg4 Rg6 53. Rh1+? {dieser Zug verliert leider die
Partie, nötig war Kf5 und alles ist im Lot, Stockfish +3,50 für Schwarz.}
Kg7 54. Rxg6+ Kxg6 55. Rh5 Re2 56. b3 Rxg2 57. Rxe5 Rf2 58. Re1 g2 59. Rg1
f3 60. Kg3 Rf1 61. Kh2 {Stockfish Matt in 17} Kf5 62. c4 Rxg1 63. Kxg1 Kg4
64. Kf2 Kh3 {Rest geschenkt} 0-1
[/pgn]
[PGN]